Statistiques concernant Les 20 préfectures les plus proches d'Auch

Cliquez ici pour prendre le quiz!

Statistiques générales

  • Ce quiz a été pris 64 fois
  • Le résultat moyen est 18 sur 20

Statistiques - réponses

distance (en km)ville préfecture% Correct
69Toulouse
100%
86Pau
98%
162Bordeaux
95%
112.26Foix
95%
91Mont de Marsan
95%
215Perpignan
95%
129Albi
93%
74Montauban
93%
61.63Tarbes
93%
61.81Agen
91%
151Carcassonne
90%
265Montpellier
88%
177Rodez
88%
112.40Cahors
86%
172Périgueux
86%
226Angoulême
79%
206Aurillac
79%
204Tulle
79%
250Limoges
74%
252Mende
74%

Distribution des résultats

Percentile par nombre de réponses

% des personnes avec chaque résultat

Votre développement - résultats

Vous n’avez pas pris ce quiz